[Event "Corus"]
[Site "Wijk aan Zee"]
[Date "2006.01.25"]
[Round "10"]
[White "Mamedyarov, Shakhriyar"]
[Black "Anand, Viswanathan"]
[Result "1/2-1/2"]
[WhiteElo "2709"]
[BlackElo "2792"]
[Annotator "Gofshtein,L"]
[PlyCount "52"]
[EventDate "2006.01.14"]
[EventType "tourn"]
[EventRounds "13"]
[EventCountry "NED"]
[EventCategory "19"]
[SourceTitle "CBM 111"]
[Source "ChessBase"]
[SourceDate "2006.04.04"]
[SourceVersion "1"]
[SourceVersionDate "2006.04.04"]
[SourceQuality "1"]

1. d4 Nf6 2. c4 e6 3. Nf3 b6 4. g3 Ba6 5. Qa4 (5. b3 {is considered to be the
main line these days.}) 5... Bb7 6. Bg2 c5 {This is Black's main reply, he
tries to undermine White's centre, and White can't play d4-d5 now.} 7. dxc5 (7.
d5 $2 exd5 8. Nh4 Bc6 9. Qc2 dxc4 {and Black stays with an extra pawn.}) 7...
Bxc5 (7... bxc5 {is another possible recapture, here is an example of how the
game may continue} 8. O-O Be7 9. Nc3 O-O 10. Bf4 Qb6 11. Rfd1 d6 12. Rab1 Nbd7
13. b4 cxb4 14. Rxb4 Bc6 15. Qa3 Qc5 16. Be3 Qh5 17. h3 Bxf3 18. Bxf3 Qxh3 19.
Bg2 Qh5 20. Bf3 Qh3 21. Bg2 Qh5 22. Bf3 {1/2-1/2 Lautier,J-Gelfand,B/Enghien
les Bains 2003/CBM 096/[Gershon] (22)}) 8. O-O O-O 9. Nc3 Be7 {This is the
main move, the black bishop retreats and opens the route for the black knight
to c5 via a6. Other moves are also possible, for example:} (9... a6 10. Bf4 Be7
11. Rfd1 d6 12. Rd2 Qc7 13. Rad1 e5 14. Bg5 Nbd7 15. Nh4 Bxg2 16. Nxg2 {
and Black couldn't solve his opening problems in Gurevich,D - Mekhitarian,K
American Continental 2005 1-0(48)}) (9... Ne4 $5 {deserves attention, Black
tries to exchange a few pieces and free himself in the centre with d7-d5.} 10.
Nxe4 (10. Qc2 Nxc3 11. Qxc3 d5 12. Rd1 Nd7 13. Bg5 Be7 14. Bxe7 Qxe7 15. cxd5
Bxd5 {1-0 Nikolic,P-Istratescu,A/Ohrid 2001/CBM 084 (59) and Black is close to
equalise.}) 10... Bxe4 11. Bg5 Be7 12. Bxe7 Qxe7 13. Rfd1 Rc8 14. Rac1 Nc6 15.
Rd2 a6 16. Qd1 d5 17. cxd5 Bxd5 {is equal 1/2-1/2 Ivanchuk,V-Lautier,J/Moscow
2001/CBM 086 (29)}) 10. Rd1 Na6 11. Bf4 Nc5 12. Qc2 Qc8 13. Rd4 {This is
white's most serious try to get some advantage, the idea of this move is to
cover the e4 square and prevent the black knight to go there. The natural 13.
Rac1 is met by 13...Nce4 and Black doesn't have any problems.} (13. Rac1 Nce4 {
here is how the game may continue} 14. Nd4 Nxc3 15. Qxc3 a6 16. Qb3 Bxg2 17.
Kxg2 Qb7+ 18. Qf3 Ra7 $1 19. Qxb7 Rxb7 20. f3 Rc8 {1/2-1/2 Piket,J-Karpov,A/
Monte Carlo 1999/CBM 070/(36) and Black didn't have problems to achieve a draw}
) 13... d5 14. cxd5 Nxd5 (14... exd5 {to recapture with the pawn is also
possible, though it looks illogical, Black gets active piece play which
compensates him for the isolated pawn, for example:} 15. Rdd1 Nce4 16. Rac1 Bc5
17. e3 Nxc3 18. Qxc3 Ne4 19. Qd3 Qe6 20. Be5 Rac8 21. Bd4 Be7 {1/2-1/2 Gelfand,
B-Leko,P/Cannes FRA 2002/The Week in Chess 381 (33). (32) White's advantage is
too small.}) 15. Bg5 {This is white's idea. Mamedyarov already had experience
with this line as he had beaten Gashimov a couple of months earlier.} Nf6 $1 {
This is a new move in this position, in a game that was played a few rounds
before this one, in Wijk aan Zee, Leko simply captured the white bishop and
also gained equality. After the move played in the game, Black wants to jump
with the knight to e4 and exploit the pin of the white knight on c3.} (15...
Bxg5 {is also playable} 16. Nxg5 Nf6 17. Bxb7 Qxb7 {This is an improvement
that Leko introduced against Aronian, Gashimov captured with the knight and
soon got into trouble.} (17... Nxb7 18. Rad1 Rd8 19. Nge4 Nxe4 20. Rxd8+ Nxd8
21. Qxe4 h6 22. Nb5 a6 23. Nd6 Qc6 24. Qxc6 Nxc6 25. Rc1 Nd4 26. Rc7 $1 {
and white won in the endgame 1-0 Mamedyarov,S-Gashimov,V/Instanbul TUR 2005/
The Week in Chess 576 (52)}) 18. b4 h6 19. Nf3 Ncd7 20. Nb5 Rfc8 21. Qd2 Rc6
22. Rd1 a6 23. Nd6 Qc7 24. e4 e5 25. Rd3 Rc2 26. Qe1 a5 27. Ra3 Ng4 28. Rd2 Rc1
29. Rd1 Rc2 30. Rd2 Rc1 31. Rd1 Rc2 {1/2-1/2 Aronian,L-Leko,P/Wijk aan Zee NED
2006/The Week in Chess 584 (31)}) 16. Rc1 {White protects the queen and
prevents Nce4 from black.} h6 (16... e5 $6 {This move weakens the central
squares:} 17. Rdd1 (17. Nxe5 $2 {is bad due to} Bxg2 18. Kxg2 Ne6 {Black
attacks the bishop and the rook, at the same time, White has to give an
exchange}) 17... Qe6 18. b4 Na6 (18... Nce4 $2 {runs into} 19. Bxf6 $1 Nxf6 20.
Ng5 Qc8 21. Bxb7 Qxb7 22. Nd5 {and Black suffers a material loss}) 19. a3 {
couldn't satisfy Black, as his knight is out of play.}) 17. Bf4 Rd8 18. Rxd8+ (
18. b4 $6 Rxd4 19. Nxd4 Bxg2 20. Kxg2 Qb7+ 21. f3 Ncd7 {and Black is slightly
better already, as White's active play only brought him more weaknesses.})
18... Qxd8 19. Ne5 (19. Rd1 Qe8 {is equal.}) 19... Bxg2 20. Kxg2 Rc8 {Black
coveres the square c6 and his rook also targets the white queen, the position
is equal.} 21. Qd1 Qc7 {An interesting reply, Black threatens to win a piece
by g7-g5, and any move of the white Ne5 would be answered by Qb7+.} 22. b4 Qb7+
(22... g5 $5 {deserved serious attention, as this is Black's only try if he
avoids to avoid a draw.} 23. bxc5 gxf4 24. gxf4 Bxc5 25. Qd3 {the position
remains unclear.}) 23. f3 Ncd7 24. Nxd7 Nxd7 25. a3 b5 (25... a5 26. Qb3 (26.
bxa5 $6 Bxa3 {ruins White's queenside.}) 26... axb4 27. axb4 $11) 26. Ne4 Rxc1
{The players agreed to a draw, as the position is totally equal.} 1/2-1/2

[Event "Corus"]
[Site "Wijk aan Zee"]
[Date "2006.01.28"]
[Round "12"]
[White "Gelfand, Boris"]
[Black "Ivanchuk, Vassily"]
[Result "1/2-1/2"]
[WhiteElo "2723"]
[BlackElo "2729"]
[Annotator "Gofshtein,L"]
[PlyCount "121"]
[EventDate "2006.01.14"]
[EventType "tourn"]
[EventRounds "13"]
[EventCountry "NED"]
[EventCategory "19"]
[SourceTitle "CBM 111"]
[Source "ChessBase"]
[SourceDate "2006.04.04"]
[SourceVersion "1"]
[SourceVersionDate "2006.04.04"]
[SourceQuality "1"]

1. d4 Nf6 2. Nf3 e6 3. c4 b6 4. g3 Ba6 5. b3 Bb4+ 6. Bd2 Be7 7. Bg2 c6 8. O-O (
8. Bc3 {is another popular line} d5 9. Ne5 Nfd7 10. Nxd7 Nxd7 11. Nd2 O-O 12.
O-O Rc8 13. e4 {with plenty of theory .}) 8... d5 9. Qc2 Nbd7 10. Rd1 O-O 11.
Bf4 Rc8 12. Nc3 {Gelfand has already faced this position as black, and had no
problems against Tkachiev after 12...Qe8 which is also popular.} Nh5 {driving
away the white bishop out of f4.} (12... Qe8 13. e4 (13. a4 dxc4 14. bxc4 Bxc4
15. Ne4 Nxe4 16. Qxc4 Bd6 17. Ne5 f5 18. h4 c5 19. Bxe4 cxd4 20. Qxd4 {1/2-1/2
Anand,V-Kramnik,V/Leon ESP 2002/The Week in Chess 398 (20).}) 13... dxc4 14.
bxc4 Bxc4 15. Nd2 Ba6 16. Qa4 Bd3 17. Ndb1 Bxb1 18. Raxb1 a5 19. Qb3 (19. e5 {
probably an improvement} Nd5 20. Nxd5 cxd5 (20... exd5 $5 {deserves attention})
21. Bf1 Rc7 22. Bb5 Qc8 23. Rdc1 Rd8 24. Rxc7 Qxc7 25. Rc1 Qa7 26. Qc2 {
and white was able to put strong pressure on black 1-0 Nyback,T-Rodshtein,M/
Stockholm SWE 2006/The Week in Chess 583 (54)}) 19... b5 20. e5 a4 21. Qb2 Nd5
22. Nxd5 exd5 23. Bh3 Ra8 24. Qc2 Nb6 25. Bf5 g6 26. Bd3 Kh8 27. Re1 Nc4 28.
Rbc1 Qd7 {and black went on to win 0-1 Tkachiev,V-Gelfand,B/Shenyang 2000/CBM
079 (43)}) 13. Bc1 Nhf6 (13... f5 {is another possible move, Black puts up a
solid pawn structure in order to restrict White's activity.} 14. e3 Bd6 15. a4
Nhf6 16. a5 bxa5 17. Ba3 Bxa3 18. Rxa3 dxc4 {with a complicated position
Izoria,Z - Mastrovasilis, A GEO-GRE Athens 2003}) 14. Bf4 Nh5 15. Bc1 Nhf6 16.
Bf4 {A silent draw offer, White has other moves if he wants to play, 16.e4 or
16.Bb2.} (16. e4 {an interesting pawn sacrifice, white gets full compensation
for it} dxc4 17. Bf4 (17. Nd2 b5 18. bxc4 bxc4 19. Na4 (19. Qa4 $6 Bb5 20. Qc2
Qa5 {and Black is simply a pawn up, 0-1 Van Wely,L-Adams,M/Wijk aan Zee NED
2001/The Week in Chess 325 (49)}) 19... c5 20. d5 exd5 21. exd5 Ne5 22. Bb2 Bd6
{with compensation for the pawn Georgiev,K - Mitkov,N Skopje op 2002}) 17...
Bb4 18. Nd2 Qe7 (18... b5 19. bxc4 bxc4 20. Na4 {White gets a small plus.}) 19.
Nxc4 Bxc4 20. bxc4 e5 21. dxe5 Nxe5 22. Ne2 {White is a little better 1-0 Van
Wely,L-Tkachiev,V/Enghien les Bains 2001/CBM 083/(41)}) (16. Bb2 dxc4 17. bxc4
Bxc4 18. Ne5 Nxe5 19. dxe5 Nd5 20. Ne4 b5 21. Nd6 Bxd6 22. exd6 {with
compensation for the pawn 1-0 Bacrot,E-Lautier,J/Paris FRA 2002/The Week in
Chess 399 (27)}) 16... Re8 $1 {Black is not satisfied with a draw and plays
for a win.} (16... Nh5 $11) 17. e4 dxc4 18. bxc4 (18. Nd2 $5 {deserved
attention, White got a great advantage in the next game, though Black was very
cooperative.} c5 (18... b5 {deserved attention as well, similar to the lines
that were seen before}) 19. d5 e5 20. Bg5 b5 $2 (20... Nxd5 $1 {it seems that
Black can grab a pawn and gets away with it.} 21. Nxd5 Bxg5 22. Nxc4 Bxc4 23.
Qxc4 Nf6 24. h4 Bh6 25. Ne3 Qc7 26. Nf5 {with compensation for White, but not
more than that.}) 21. bxc4 b4 22. Bxf6 Nxf6 23. Ne2 Qd6 24. Nc1 Rb8 25. a3 Nd7
26. Bh3 bxa3 27. Rxa3 {[%csl Ra7,Rc5] and White's pressure becomes unbearable,
Black has too many weaknesses on the queenside, 1-0 Nyback,T-Thorfinnsson,B/
Vammala FIN 2005/The Week in Chess 566 (26)}) 18... Bxc4 19. Nd2 (19. Ne5 {
was possible, there's a long and a forced line, at the end of which Black is
totally fine.} Nxe5 20. dxe5 Nd7 21. Rd4 b5 22. Rad1 Rc7 23. Qd2 Bb4 $1 {
this move allows Black to keep his knight.} 24. a3 Ba5 25. Rd6 {and White
still has to prove that he has enough compensation for the pawn.}) 19... Ba6
20. Qa4 Bd3 21. Ndb1 $2 {Gelfand plays the same as Tkachiev played against him
in a similar situation, but Ivanchuk finds a fantastic refutation.} (21. Nb3 {
was the correct move, after which the position is equal:} b5 $5 {securing the
spot on c4 for the bishop} (21... Bc2 {here Black can even face some trouble
after} 22. Rdc1 Bxb3 23. axb3 a5 24. e5 Nd5 25. Nxd5 cxd5 26. Bf1 $1 {and
White has very good compensation for the pawn.}) 22. Qxa7 Bc4 23. Nd2 Bd3 24.
Nb3 Bc4 {and a draw is likely here}) 21... b5 $1 22. Qxa7 e5 $1 {White has
probably missed the possibility of this blow, his position deteriorates quickly
} 23. Rxd3 {The pawn is poisoned:} (23. dxe5 $2 Bc5 24. Qa6 (24. Qb7 Bxf2+ 25.
Kxf2 Ng4+ 26. Ke1 Nc5 27. Qa7 Qd4 {and Black suddenly mates !}) 24... Bxf2+ 25.
Kh1 (25. Kxf2 Ng4+ 26. Ke1 Nc5 27. Qa3 Qd4 $19) 25... Nc5 26. Qa3 Ng4 {and
Black should collect White's central pawns in the near future.}) 23... exf4 24.
Rd1 (24. gxf4 $2 Ra8 25. Qb7 Nc5 $19 {costs White another exchange}) (24. Rd2 {
doesn't help too:} Bb4 {with the idea to catch the queen with Rc7} 25. a3 Bxc3
(25... Rc7 $2 26. axb4 {and White is still in the game}) 26. Nxc3 Ra8 27. Qb7
Nc5 28. Qxc6 Nb3 {with a simple win}) 24... b4 25. e5 $5 {White looks for any
counterplay, but his position is hopeless already, other moves were not better,
for example:} (25. Ne2 Nc5 {Attacking the pawn on e4 and threatening to trap
the white queen with Ra8.} 26. Nxf4 Ra8 27. Qxa8 Qxa8 28. dxc5 Bxc5 {with an
easy win for Black}) 25... bxc3 26. Nxc3 {White sacrifices a piece but hopes
to get some positional compensation, together with a couple of pawns.} (26.
exf6 c2 $19) 26... Bb4 27. Rdc1 Bxc3 28. Rxc3 Nd5 29. Rc2 Ra8 30. Qb7 Rb8 31.
Qa7 {White tries to make it difficult for black, to take advantage of his
extra piece. Black still has to be careful and find the most accurate moves.} (
31. Qxc6 $2 {runs into} Nb4) 31... Re7 {Again, defending the pawn on c6.} 32.
Qa3 (32. Rxc6 $2 Nxe5) 32... Re6 33. Rac1 Nf8 $1 (33... fxg3 34. hxg3 Qb6 35.
Bh3 {allows White to complicate matters.}) 34. Rxc6 Rxc6 35. Rxc6 Rb1+ {
Black gave the pawn on c6, but seized the initiative, and looks as he's on a
sure way to victory.} 36. Bf1 h5 {Black opens the way for his king, so the
weakness of his 8th row won't be important anymore, and also starts an attack
on the white king.} 37. Rd6 Qc8 38. Qd3 (38. Rxd5 $2 {allows} Qc4 {[%cal Gc4d5,
Gc4f1] and Black is winning.}) 38... Nc3 {threatening to play f4-f3 and Qc8-h3
next.} 39. Kg2 {taking the square f3 under control.} Ne6 40. Qc4 {now it was
time for Black to finish this great game with 40...f3+.} Qxc4 $4 (40... f3+ 41.
Kxf3 Ng5+ 42. Ke3 Qf5 {and the mate is inevitable}) 41. Bxc4 Ne4 {Black has
probably counted on his extra piece to bring him a calm victory in the endgame
but White starts to show amazing defensive resources.} 42. Bd3 $1 Re1 {Black
decides to keep the rooks on the board.} (42... Nxd6 43. Bxb1 Nb5 44. d5 Nc5
45. d6 {White has good chances for a draw as his pawns are very advanced and
his bishop is better than his opponent's knight(s)}) 43. Rb6 g6 44. Bxe4 Rxe4
45. d5 Nf8 46. gxf4 Rxf4 47. Rb8 $1 {Another strong move, White pins the black
knight and keeps it out of play.} Rd4 (47... Re4 48. Re8 {is also not clear})
48. e6 fxe6 49. dxe6 Re4 50. Re8 $1 Kg7 {now it suddenly turns out that
winning the white e-pawn won't bring Black the victory as after} (50... Rxe6
51. Rxe6 Nxe6 52. a4 Nc5 53. a5 Kf7 54. h4 {it's important to block the black
pawns, White plays this position as if it's a pawn ending, two on two, as the
black knight and the a-pawn are out of the game, and if black brings his king
to the queenside, his pawns become vulnerable} Kf6 55. Kg3 Kf5 56. f3 Ke5 (
56... g5 57. hxg5 Kxg5 58. f4+ Kf5 59. Kh4 $11) 57. Kf2 Kd5 58. Ke3 Ne6 59. a6
Kc6 60. Ke4 Kb6 61. Ke5 g5 62. hxg5 Nxg5 63. Kf4 Ne6+ 64. Kg3 Kxa6 65. Kh4 Ng7
66. f4 {drawing}) 51. f3 Re5 52. Re7+ Kh6 (52... Kg8 53. Re8 {is the same as
before}) 53. f4 Re2+ (53... Rxe6 {Now we have to validate that this ending is
still a draw:} 54. Rxe6 Nxe6 55. Kf3 Nc5 {not letting the white pawn advance
and preventing from the white king to come to e4} 56. Ke3 Kg7 (56... h4 57. Kf3
Kh5 58. a3 Na4 59. h3 {and White holds.}) 57. Kd4 Na4 58. Kc4 $1 (58. Ke5 {
a passive defense probably doesn't work, for example:} Kh6 $1 (58... Kf7 59. f5
g5 60. f6 Nc5 61. Kf5 {drawing}) 59. Kf6 h4 60. h3 Nc3 61. a3 Kh5 62. f5 (62.
Ke5 g5 63. fxg5 Kxg5 $19) 62... g5 63. Ke5 g4 64. hxg4+ Kg5 65. f6 Kg6 66. f7 (
66. Ke6 h3 67. f7 Kg7 68. Ke7 Nd5+ 69. Ke8 Nf6+ 70. Ke7 Nh7) 66... Kxf7 67. Kf4
Nd5+ 68. Kf3 (68. Ke4 Kg6) 68... Kg6 69. a4 Kg5 70. a5 Nb4 71. Kg2 Kxg4 72. Kh2
h3 73. Kg1 Kg3 74. Kh1 h2 75. a6 Nd3 76. a7 Nf2#) 58... Kf6 59. Kb4 Nb6 (59...
Nb2 60. Kc3 Nd1+ 61. Kd4 {and the a-pawn is ready to advance}) 60. Kc5 Nc8 61.
a4 Kf5 62. a5 Kxf4 63. a6 Ke5 64. Kc6 Kd4 65. Kc7 Na7 66. Kb6 Nc8+ 67. Kc7 {
with a draw}) 54. Kf3 Rxa2 55. Re8 Nh7 56. e7 Ra3+ 57. Kf2 Ra7 {Black has to
make this move, it's clear that the draw is in sight.} 58. h4 Nf6 {there is
nothing else} (58... Kg7 $2 59. Rg8+ Kxg8 60. e8=Q+) 59. Rh8+ Kg7 60. e8=Q Nxe8
61. Rxe8 {A superb defense by white.} 1/2-1/2

[Event "FIDE World Cup"]
[Site "Khanty-Mansiysk"]
[Date "2005.12.01"]
[Round "2.2"]
[White "Lautier, Joel"]
[Black "Ivanov, Alexander"]
[Result "1/2-1/2"]
[WhiteElo "2680"]
[BlackElo "2589"]
[Annotator "Gofshtein,L"]
[PlyCount "45"]
[EventDate "2005.11.27"]
[EventType "k.o."]
[EventRounds "7"]
[EventCountry "RUS"]
[SourceTitle "CBM 111"]
[Source "ChessBase"]
[SourceDate "2006.04.04"]
[SourceVersion "1"]
[SourceVersionDate "2006.04.04"]
[SourceQuality "1"]

1. d4 Nf6 2. c4 e6 3. Nf3 b6 4. g3 Ba6 5. Qa4 Be7 6. Bg2 O-O 7. Nc3 c6 8. Bf4
d6 {The idea of this move, is to wait for White's castle and then Black can
play 9...b5, the immediate 8...b5 is not enough to equalise, but 8...Qc8 is a
possible alternative.} (8... Qc8 {here is how the game may continue} 9. Rc1 (9.
O-O d5 10. Ne5 Qb7 11. cxd5 cxd5 12. Rfe1 b5 13. Qb3 b4 14. Na4 Rc8 15. Rac1
Nbd7 16. Nxd7 Nxd7 {[%cal Ga6c4] and Black is fine Euwe,M-Matanovic,A/
Beverwijk 1958/MCD (18)}) 9... Qb7 10. Ne5 d5 11. cxd5 cxd5 12. b4 b5 13. Qb3
Rc8 14. O-O Nc6 15. Nxc6 Rxc6 16. e4 Rc4 {and after an interesting battle
Black won 0-1 Beliavsky,A-Naiditsch,A/Wijk aan Zee NED 2006/The Week in Chess
584 (39)}) (8... b5 $6 {it seems that this move is not enough to reach
equality, Black sacrifices a pawn but doesn't get enough compensation for it.}
9. cxb5 cxb5 10. Nxb5 Nd5 11. Nc3 Nxf4 (11... Nxc3 {is also not enough to
equalise} 12. bxc3 d5 13. Nd2 Qc8 14. c4 $1 Nd7 15. c5 {1/2-1/2 Maksimenko,
A-Romanishin,O/Lvov 2001/CBM 087/(29) and white got a clear edge}) 12. gxf4 Qb6
(12... d5 13. O-O Bd6 14. f5 Qf6 15. Rfe1 Qxf5 16. e4 Qg6 17. exd5 {and White
is better Sorin,A-Ricardi,P/Villa Martelli 1998/EXT 99 (18)}) 13. Qb3 Qc7 14.
Ne5 Nc6 15. O-O Rfb8 16. Qa4 {with an advantage for White 1-0 Sriram,J-Taleb,M/
Kuala Lumpur MAS 2005/The Week in Chess 569 (96)}) 9. O-O b5 $1 {Now this is
the correct moment for this move.} 10. cxb5 cxb5 11. Qb3 {The only way to
fight for advantage, other moves can't cause black any problems.} (11. Qc2 {
This move is harmless, now Black's pawn can advance, opening way for the
bishop.} b4 12. Ne4 Nxe4 13. Qxe4 Nd7 14. Rfe1 Rc8 {with equality 1/2-1/2
Dautov,R-Istratescu,A/Ohrid 2001/CBM 084 (15)}) (11. Nxb5 {Tthis is met with}
Qd7 12. Nc3 Qxa4 13. Nxa4 Bxe2 14. Rfe1 Bb5 15. Nd2 Bc6 {and Black has the
square d5 for his knight.}) 11... Nbd7 $6 {Black decides to sacrifice the pawn,
11...Qb6 looks safer, as White was able to get a stable plus in the game.} (
11... Qb6 12. a3 d5 {with Nb8-c6 and Black is very close to equalise.}) 12.
Nxb5 Rb8 (12... Bxb5 $2 {is not good} 13. Qxb5 Rb8 14. Qa6 Rxb2 15. Qxa7 Rxe2
16. a4 {White has a dangerous passed pawn, and a pair of bishops.}) 13. a4 Nd5
14. Rfc1 $6 {I think that this move is dubious, White can't hope for any
advantage after it.} (14. Bd2 {It seems that this move could cause problems to
Black, White doesn't let Black to corrupt his pawn structure, and plans to
advance in the centre with e2-e4.} f5 $1 {the best move, Black plans to
establish control over the white squares.} (14... Nc7 $2 {is not good in view
of} 15. Ba5 $1 {and White seizes the initiative.}) (14... N7b6 15. Rfe1 Nxa4
16. Qxa4 Bxb5 17. Qxa7 {and White keeps his extra pawn, without sufficient
compensation for Black.}) 15. Rfe1 N7f6 16. Ng5 $1 {White has to break with
e2-e4 in order to get advantage, otherwise Black is fine.} Qd7 17. e4 Nxe4 (
17... fxe4 18. Bh3 $1) 18. Nxe4 Bxb5 (18... fxe4 19. Bxe4 Bxb5 20. Bxd5 exd5
21. Qxd5+ Rf7 22. axb5 Rxb5 23. Rxa7 Qxa7 24. Qxb5 Qxd4 25. Be3 {and White has
a good winning chances in this endgame.}) 19. axb5 fxe4 (19... Rxb5 $2 20. Rxa7
$1 Qxa7 21. Qxb5 fxe4 22. Rxe4 $16) 20. Bxe4 Rxb5 21. Qc2 {with a small plus
for White.}) 14... Nxf4 15. gxf4 Nf6 {[%cal Gf6d5]} 16. Qc2 {It's not clear
what else White could do, but now Black exchanges on b5 and creates a strong
pressure on white's b-pawn, the draw is in sight.} Bxb5 17. axb5 Rxb5 18. Rxa7
Nd5 19. Qd2 Qb6 20. Ra2 Rb8 21. e3 (21. e4 Nf6 {weakens White's pawns even
more.}) 21... Nb4 $1 {Black doesn't want to allow the white rook to enter the
8th rank, even though it's not so dangerous, Black has no reason to be on the
defensive.} (21... Rxb2 22. Rxb2 Qxb2 23. Rc8+ Bf8 24. Qxb2 Rxb2 25. Ng5 {
[%cal Gg5h7,Gg5e4] White has the initiative, although the position looks
drawish anyway.}) 22. Ra4 Nd5 23. Ra2 1/2-1/2